Operating systems : internals and design principles /

Guardado en:
Autor Principal: Stallings, William.
Formato: Libro
Idioma:English
Publicado: Upper Saddle River, N.J. : Pearson/Prentice Hall, c2005.
Edición:5th ed.
Materias:
Etiquetas: Agregar Etiqueta
Sin Etiquetas, Sea el primero en etiquetar este registro!
LEADER 00937cam a22002774a 4500
001 DCC.dcic001051
008 040526s2005####njua#####b####001#0#eng##
005 20151130132139.0
245 1 0 |a Operating systems :  |b internals and design principles /  |c William Stallings. 
250 |a 5th ed. 
260 |a Upper Saddle River, N.J. :  |b Pearson/Prentice Hall,  |c c2005. 
300 |a xiv, 818 p. :  |b il. ;  |c 25 cm. 
504 |a Incluye referencias bibliográficas (p. 794-807) e índice. 
020 |a 0131479547 
020 |a 9780131479548 
020 |a 0131278371 (pbk.) 
020 |a 9780131278370 (pbk.) 
100 1 |a Stallings, William. 
082 0 0 |a 005.4/3  |2 22 
084 |a 54.54  |2 bcl 
650 0 |a Operating systems (Computers) 
010 |a  2004053108 
016 7 |a 012965537  |2 Uk 
040 |a DLC  |c DLC  |d YDX  |d UKM  |d OCL  |d BAKER  |d NLGGC  |d BTCTA  |d LVB  |d YDXCP  |d UYB  |d DLC 
050 0 0 |a QA76.76.O63  |b S733 2005 
859 |a DCIC  |b BIB. COMPUTACION  |p 1825